[Event "XXV Grunwald Cup"]
[Site "Ramsowo/Dadaj"]
[Date "2010.09.24"]
[Round "1.1"]
[White "Gunajew, Rafal"]
[Black "Mettel, Werner"]
[Result "1-0"]
[WhiteElo "2292"]
[BlackElo "1942"]
[PlyCount "65"]
[EventDate "2010.??.??"]

1. e4 e5 2. Nf3 Nf6 3. Nc3 Nc6 4. Bb5 d6 5. d4 exd4 6. Nxd4 Bd7 7. Nxc6 bxc6 8.
Bd3 Be7 9. O-O O-O 10. f4 Rb8 11. b3 Qc8 12. Kh1 d5 13. e5 Ne8 14. f5 Bc5 15.
Qg4 Rb4 16. Qg3 Rd4 17. Ne2 Rxd3 18. Qxd3 g6 19. Ng3 Ng7 20. Bh6 Nxf5 21. Bxf8
Nxg3+ 22. Qxg3 Bxf8 23. Qe3 Be6 24. Qxa7 Bg7 25. Rae1 Bf5 26. Qf2 Qe6 27. a4
Be4 28. a5 Bxe5 29. a6 f6 30. Rxe4 dxe4 31. Qc5 e3 32. a7 Bd6 33. Qc4 1-0

[Event "XXV Grunwald Cup"]
[Site "Ramsowo/Dadaj"]
[Date "2010.09.24"]
[Round "1.2"]
[White "Traczyk, Tadeusz"]
[Black "Stachanczyk, Jacek"]
[Result "0-1"]
[WhiteElo "1925"]
[BlackElo "2278"]
[PlyCount "44"]
[EventDate "2010.??.??"]

1. e4 c5 2. Nf3 Nc6 3. d4 cxd4 4. Nxd4 g6 5. Nc3 Bg7 6. Be3 Nf6 7. Be2 O-O 8.
f4 d6 9. Qd2 Nxd4 10. Bxd4 Qa5 11. O-O-O Be6 12. a3 Rfc8 13. Bd3 Bc4 14. h3 b5
15. Kb1 Rab8 16. e5 Nd7 17. Bxc4 bxc4 18. Ka2 dxe5 19. Bxa7 Rb7 20. Be3 exf4
21. Bxf4 Ra8 22. Rb1 Rxb2+ 0-1

[Event "XXV Grunwald Cup"]
[Site "Ramsowo/Dadaj"]
[Date "2010.09.24"]
[Round "1.3"]
[White "Dukaczewski, Piotr"]
[Black "Stankiewicz, Edward"]
[Result "1-0"]
[WhiteElo "2274"]
[BlackElo "1913"]
[PlyCount "65"]
[EventDate "2010.??.??"]

1. c4 e5 2. Nc3 Nf6 3. g3 g6 4. Bg2 Bg7 5. e3 Nc6 6. Nge2 d6 7. O-O O-O 8. Rb1
a5 9. a3 Bf5 10. d3 Qd7 11. b4 axb4 12. axb4 Bh3 13. b5 Bxg2 14. Kxg2 Ne7 15.
d4 b6 16. Bb2 Qe6 17. Qb3 h5 18. f3 g5 19. Rbe1 e4 20. f4 Ng4 21. Nd1 Qg6 22.
h3 Nh6 23. Ndc3 Rfe8 24. fxg5 Nhf5 25. Nf4 Qxg5 26. Nxe4 Qh6 27. Rf3 Ng6 28.
Qc2 Ngh4+ 29. gxh4 Nxh4+ 30. Kf2 Nxf3 31. Kxf3 Qh7 32. Rg1 Kh8 33. Rg5 1-0

[Event "XXV Grunwald Cup"]
[Site "Ramsowo/Dadaj"]
[Date "2010.09.24"]
[Round "1.4"]
[White "Hagner, Pawel"]
[Black "Suder, Ryszard"]
[Result "0-1"]
[WhiteElo "1877"]
[BlackElo "2213"]
[PlyCount "72"]
[EventDate "2010.??.??"]

1. d4 Nf6 2. Nf3 g6 3. Bf4 Bg7 4. e3 d6 5. c3 Nbd7 6. Nbd2 b6 7. Be2 Bb7 8. h3
e5 9. dxe5 dxe5 10. Bxe5 Nxe5 11. Nxe5 Bxg2 12. Rh2 Bb7 13. Qa4+ Nd7 14. Ndf3
Bxf3 15. Nxf3 O-O 16. O-O-O Nc5 17. Rxd8 {(=)} 17... Nxa4 18. Rd7 c6 19. Nd4
Nc5 20. Re7 Bf6 21. Nxc6 Rac8 22. Rxa7 Rxc6 23. Rg2 Rfc8 24. Bg4 R8c7 25. Ra8+
Kg7 26. Kc2 Rd6 27. f4 Ne4 28. Bf3 Nxc3 29. bxc3 Rxc3+ 30. Kb1 Rxe3 31. Bg4 Rc6
32. Re2 Rec3 33. Re1 R6c4 34. a3 Rb3+ 35. Ka2 Rb2+ 36. Ka1 Re2+ 0-1

[Event "XXV Grunwald Cup"]
[Site "Ramsowo/Dadaj"]
[Date "2010.09.24"]
[Round "1.5"]
[White "Zoltek, Tadeusz"]
[Black "Dziobek, Jerzy"]
[Result "1-0"]
[WhiteElo "2194"]
[BlackElo "1848"]
[PlyCount "59"]
[EventDate "2010.??.??"]

1. Nf3 Nf6 2. c4 e6 3. Nc3 d5 4. d4 Nbd7 5. Bg5 Be7 6. e3 c6 7. Rc1 h6 8. Bh4
O-O 9. Bd3 Re8 10. O-O dxc4 11. Bxc4 Nd5 12. Bg3 N7f6 13. Bd3 Nxc3 14. bxc3 Bd6
15. e4 Bxg3 16. fxg3 Qc7 17. e5 Nd7 18. g4 f6 19. exf6 gxf6 20. g5 Qf4 21. gxf6
Nxf6 22. Ne5 Qe3+ 23. Kh1 Ne4 24. Qg4+ Ng5 25. h4 Re7 26. hxg5 hxg5 27. Rce1
Qd2 28. Re2 Qxc3 29. Qxg5+ Rg7 30. Qd8# 1-0

[Event "XXV Grunwald Cup"]
[Site "Ramsowo/Dadaj"]
[Date "2010.09.24"]
[Round "1.6"]
[White "Barnowski, Sylwester"]
[Black "Mackowiak, Marek"]
[Result "0-1"]
[WhiteElo "1842"]
[BlackElo "2174"]
[PlyCount "124"]
[EventDate "2010.??.??"]

1. f4 e5 2. fxe5 d6 3. Nf3 dxe5 4. e4 Nc6 5. Bb5 Bd7 6. d3 Bc5 7. Qe2 Qe7 8.
Nc3 O-O-O 9. Bg5 f6 10. Be3 Nd4 11. Bxd7+ Rxd7 12. Qd2 Nxc2+ 13. Qxc2 Bxe3 14.
Nd5 Qc5 15. Rc1 Qxc2 16. Rxc2 Bb6 17. Nxb6+ axb6 18. Ke2 Ne7 19. g4 Rhd8 20.
Rc3 Ng6 21. Rd1 Nf4+ 22. Ke3 Ne6 23. h4 h6 24. g5 fxg5 25. hxg5 Nxg5 26. Nxg5
hxg5 27. Ra3 Kb8 28. Rg1 Rh8 29. Rxg5 Rh3+ 30. Kd2 Re7 31. Rb3 Kc8 32. Rb5 Rd7
33. Rd5 Rxd5 34. exd5 Kd7 35. Rxe5 Rg3 36. Rf5 Ke7 37. Rh5 Kd6 38. Kc3 Rg2 39.
a3 Rg1 40. Kd4 Rg2 41. Kc3 Kc5 42. b3 Rg4 43. d4+ Kd6 44. a4 Rg1 45. Kd3 g5 46.
Rh7 g4 47. Rg7 g3 48. Kc4 g2 49. Rg6+ Ke7 50. Kb4 Kf7 51. Rg3 Kf6 52. d6 cxd6
53. Kb5 Kf5 54. Kxb6 Kf4 55. Rg8 Kf3 56. Rf8+ Ke4 57. Rg8 Kxd4 58. a5 Kc3 59.
Kxb7 Kxb3 60. a6 Kc4 61. a7 Rb1+ 62. Kc8 g1=Q 0-1

[Event "XXV Grunwald Cup"]
[Site "Ramsowo/Dadaj"]
[Date "2010.09.24"]
[Round "1.7"]
[White "Przewoznik, Emil"]
[Black "Salamon, Jan"]
[Result "1-0"]
[WhiteElo "2101"]
[BlackElo "1827"]
[PlyCount "85"]
[EventDate "2010.??.??"]

1. d4 Nf6 2. Nf3 e6 3. Bg5 Be7 4. e3 c5 5. c4 cxd4 6. exd4 d5 7. c5 O-O 8. Nc3
Nc6 9. Bd3 h6 10. Be3 Nd7 11. a3 Re8 12. Bc2 Nf8 13. O-O Bf6 14. b4 a6 15. h3
Bd7 16. Qd2 Rc8 17. Rab1 b5 18. a4 Na7 19. Rfc1 Bc6 20. Nh2 e5 21. Ng4 exd4 22.
Nxf6+ Qxf6 23. Bxd4 Qg5 24. Be3 Qh4 25. a5 Rcd8 26. Ne2 Re5 27. Nd4 Rde8 28.
Nf3 Qe7 29. Nxe5 Qxe5 30. Re1 Qh5 31. Bf4 Re6 32. Rxe6 Nxe6 33. Re1 d4 34. Re5
Qh4 35. Bg3 Qd8 36. Qd3 Nf8 37. Bb3 Qa8 38. f3 Qd8 39. Bf2 Ba8 40. Qf5 Nc6 41.
Qxf7+ Kh7 42. Re8 Qg5 43. Bc2+ 1-0

[Event "XXV Grunwald Cup"]
[Site "Ramsowo/Dadaj"]
[Date "2010.09.24"]
[Round "1.8"]
[White "Czajkowski, Adam"]
[Black "Falkowski, Dawid"]
[Result "1/2-1/2"]
[WhiteElo "1781"]
[BlackElo "2050"]
[PlyCount "38"]
[EventDate "2010.??.??"]

1. e4 d5 2. exd5 Nf6 3. d4 Nxd5 4. Nf3 Bg4 5. Nbd2 Nc6 6. c3 e5 7. c4 Nb6 8. d5
Nd4 9. Be2 Nxe2 10. Qxe2 f6 11. b3 Bb4 12. O-O Bc3 13. Rb1 O-O 14. Ba3 Re8 15.
Qe3 Bxd2 16. Nxd2 Qd7 17. f3 Bh5 18. Rbd1 Rad8 19. Ne4 Bf7 1/2-1/2

[Event "XXV Grunwald Cup"]
[Site "Ramsowo/Dadaj"]
[Date "2010.09.24"]
[Round "1.9"]
[White "Jelen, Janusz"]
[Black "Wegner, Wieslaw"]
[Result "1-0"]
[WhiteElo "2035"]
[BlackElo "1773"]
[PlyCount "67"]
[EventDate "2010.??.??"]

1. d4 d5 2. c4 Nf6 3. Nc3 Nc6 4. cxd5 Nxd5 5. e4 Nxc3 6. bxc3 e5 7. d5 Na5 8.
Nf3 f6 9. Be3 Bg4 10. Be2 b6 11. Nxe5 fxe5 12. Bxg4 Bd6 13. Qa4+ c6 14. Be6 b5
15. Qd1 h5 16. Qf3 Qf6 17. Qh3 Kf8 18. Qg3 Be7 19. h4 g6 20. Bg5 Qg7 21. d6
Bxd6 22. Qf3+ Ke8 23. Bf6 Qf8 24. Bxh8 Qxf3 25. gxf3 Ke7 26. Rg1 Rxh8 27. Rxg6
Nc4 28. Rd1 Kd8 29. Bxc4 bxc4 30. Rdxd6+ Kc7 31. Rxc6+ Kd7 32. Rxc4 Rf8 33. Ke2
Rf4 34. Ra4 1-0

[Event "XXV Grunwald Cup"]
[Site "Ramsowo/Dadaj"]
[Date "2010.09.24"]
[Round "1.10"]
[White "Bzowski, Grzegorz"]
[Black "Wojcieszyn, Zdzislaw"]
[Result "0-1"]
[WhiteElo "1692"]
[BlackElo "2010"]
[PlyCount "58"]
[EventDate "2010.??.??"]

1. g3 d5 2. Bg2 Nf6 3. d3 Bf5 4. Nf3 c6 5. O-O Nbd7 6. Re1 h6 7. Nbd2 e6 8. e4
Bh7 9. e5 Ng8 10. d4 c5 11. c3 Ne7 12. a3 Nc6 13. b4 b6 14. Qa4 Qc7 15. Bb2 Be7
16. Rac1 c4 17. Qd1 O-O 18. b5 Na5 19. a4 a6 20. Ra1 Ra7 21. Ba3 Bxa3 22. Rxa3
Rfa8 23. Qa1 Nf8 24. Qa2 axb5 25. axb5 Nb3 26. Rxa7 Qxa7 27. Qxa7 Rxa7 28. Nxb3
cxb3 29. Re2 Ra1+ 0-1

[Event "XXV Grunwald Cup"]
[Site "Ramsowo/Dadaj"]
[Date "2010.09.24"]
[Round "1.11"]
[White "Ciula, Edward"]
[Black "Poswiatowski, Stanislaw"]
[Result "1-0"]
[WhiteElo "1985"]
[BlackElo "1667"]
[PlyCount "69"]
[EventDate "2010.??.??"]

1. e4 c6 2. d4 d5 3. exd5 cxd5 4. c4 Nf6 5. Nc3 Nc6 6. Nf3 e6 7. Bg5 Be7 8. c5
O-O 9. Bd3 b6 10. Qa4 Bb7 11. b4 bxc5 12. bxc5 h6 13. Bh4 Nh5 14. Bxe7 Qxe7 15.
O-O Nf4 16. Bb5 Rfc8 17. Rfe1 Qf6 18. Re3 Ne7 19. Ne5 Nf5 20. c6 Bxc6 21. Bxc6
Qg5 22. Rg3 Nxg3 23. hxg3 Nh5 24. Bxa8 Rxa8 25. Qd7 Qf6 26. Qb7 Rd8 27. Qxa7 g6
28. Qc7 Ng7 29. Nxf7 Rf8 30. Nxh6+ Kh8 31. Qf4 Nf5 32. Nxf5 gxf5 33. Qh4+ Kg7
34. Qxf6+ Kxf6 35. a4 1-0

[Event "XXV Grunwald Cup"]
[Site "Ramsowo/Dadaj"]
[Date "2010.09.24"]
[Round "2.1"]
[White "Przewoznik, Emil"]
[Black "Gunajew, Rafal"]
[Result "0-1"]
[WhiteElo "2101"]
[BlackElo "2292"]
[PlyCount "112"]
[EventDate "2010.??.??"]

1. d4 c5 2. dxc5 e6 3. Nf3 Bxc5 4. e3 Nf6 5. Bd3 Nc6 6. a3 O-O 7. b4 Be7 8. Bb2
b6 9. Nbd2 Bb7 10. c4 d6 11. Rc1 Qc7 12. Bb1 Rac8 13. Qc2 g6 14. O-O Rfd8 15.
Qc3 e5 16. Rfd1 Bf8 17. Ne4 Ne8 18. h3 Qe7 19. Qb3 Nb8 20. Nfd2 Nd7 21. Nc3
Ndf6 22. e4 Nh5 23. Nd5 Bxd5 24. cxd5 Nf4 25. Rc6 Qg5 26. Qf3 Rb8 27. Nf1 Bg7
28. Ne3 h5 29. Rdc1 Kh7 30. Kh2 h4 31. Qg4 Qh6 32. b5 Rb7 33. Rc8 Nf6 34. Qf3
Rdd7 35. Ng4 Qg5 36. Nxf6+ Qxf6 37. R1c6 Bh6 38. Re8 Rd8 39. Bxe5 Qxe5 40. Rxe5
dxe5 41. Qg4 g5 42. Qf5+ Ng6 43. Rc8 Rd6 44. Re8 Kg7 45. Qc8 Rbd7 46. Qb8 Rf6
47. f3 g4 48. hxg4 Bf4+ 49. Kg1 Be3+ 50. Kf1 Bc5 51. Rd8 Rxd8 52. Qxd8 h3 53.
gxh3 Rxf3+ 54. Kg2 Rf2+ 55. Kg3 Rb2 56. h4 Bf2+ 0-1

[Event "XXV Grunwald Cup"]
[Site "Ramsowo/Dadaj"]
[Date "2010.09.24"]
[Round "2.2"]
[White "Stachanczyk, Jacek"]
[Black "Jelen, Janusz"]
[Result "1-0"]
[WhiteElo "2278"]
[BlackElo "2035"]
[PlyCount "45"]
[EventDate "2010.??.??"]

1. e4 e5 2. Nf3 Nc6 3. Bb5 g6 4. d4 exd4 5. Bg5 f6 6. Bf4 Bg7 7. O-O Nge7 8. c3
a6 9. Bc4 Na5 10. Be2 b5 11. cxd4 d5 12. Nc3 c6 13. exd5 cxd5 14. Rc1 14...
Nac6 {(=)} 15. Re1 O-O 16. a4 b4 17. Nb1 Bf5 18. Nbd2 g5 19. Bg3 g4 20. Nh4
Nxd4 21. Nxf5 Nxe2+ 22. Qxe2 Nxf5 23. Qe6+ 1-0

[Event "XXV Grunwald Cup"]
[Site "Ramsowo/Dadaj"]
[Date "2010.09.24"]
[Round "2.3"]
[White "Wojcieszyn, Zdzislaw"]
[Black "Dukaczewski, Piotr"]
[Result "1/2-1/2"]
[WhiteElo "2010"]
[BlackElo "2274"]
[PlyCount "158"]
[EventDate "2010.??.??"]

1. Nf3 g6 2. d4 Bg7 3. g3 d6 4. Bg2 f5 5. Nc3 Nf6 6. O-O O-O 7. Re1 d5 8. Ne5
c6 9. Bf4 Qb6 10. Na4 Qa5 11. c3 Ne4 12. b4 Qd8 13. Qc1 a5 14. Nc5 b6 15. Nxe4
dxe4 16. Rd1 Be6 17. a3 b5 18. Bh6 Bb3 19. Bxg7 Kxg7 20. Rf1 Bd5 21. f3 exf3
22. Bxf3 Qd6 23. Qf4 Na6 24. Nd3 Nc7 25. Qe5+ Rf6 26. Rfc1 h6 27. Qxd6 exd6 28.
Nf4 Be4 29. c4 bxc4 30. Bxe4 fxe4 31. Rxc4 d5 32. Rcc1 e3 33. bxa5 Nb5 34. Rd1
Rxa5 35. Rd3 Kf7 36. Ng2 Ra4 37. Rad1 Ke7 38. Nxe3 Rxa3 39. Rxa3 Nxa3 40. Ng4
Re6 41. Kf2 Nc2 42. Rd2 h5 43. Rxc2 hxg4 44. Rc3 Rf6+ 45. Kg2 Re6 46. Kf2 Rf6+
47. Kg2 Kd6 48. Re3 c5 49. dxc5+ Kxc5 50. Re5 Rf5 51. Rxf5 gxf5 52. Kf2 Kd4 53.
Kf1 Kc3 54. Ke1 Kc2 55. Kf2 Kd1 56. Kf1 Kc1 57. Ke1 Kc2 58. Kf1 Kd1 59. Kf2 Kd2
60. Kf1 Ke3 61. Ke1 f4 62. gxf4 Kxf4 63. Kf2 Ke4 64. Ke1 Kf5 65. Kf2 Kf4 66.
Ke1 Kg5 67. Kf2 Kh4 68. Kg2 d4 69. Kf2 Kh3 70. Kg1 Kh4 71. Kg2 Kg5 72. Kg3 Kf5
73. Kg2 Ke4 74. Kf2 Kf4 75. Kf1 Ke3 76. Ke1 d3 77. exd3 Kf3 78. Kf1 g3 79. hxg3
Kxg3 1/2-1/2

[Event "XXV Grunwald Cup"]
[Site "Ramsowo/Dadaj"]
[Date "2010.09.24"]
[Round "2.4"]
[White "Suder, Ryszard"]
[Black "Ciula, Edward"]
[Result "1-0"]
[WhiteElo "2213"]
[BlackElo "1985"]
[PlyCount "83"]
[EventDate "2010.??.??"]

1. Nf3 Nf6 2. g3 g6 3. b3 Bg7 4. Bb2 b6 5. Bg2 Bb7 6. O-O O-O 7. c4 c5 8. Nc3
Na6 9. d4 cxd4 10. Nxd4 Bxg2 11. Kxg2 d5 12. cxd5 Nxd5 13. e3 Nxc3 14. Bxc3 Qc7
15. Rc1 Rfd8 16. Qf3 Bxd4 17. Bxd4 Qd7 18. Rfd1 Qd5 19. Qxd5 Rxd5 20. Bb2 Rxd1
21. Rxd1 Kf8 22. Rd4 Ke8 23. Rh4 Rc8 24. Ra4 Nb8 25. Rxa7 Nd7 26. a4 Rb8 27. b4
Kd8 28. Ba3 b5 29. a5 Kc8 30. Bb2 Rb7 31. Ra8+ Rb8 32. Rxb8+ Kxb8 33. Kf3 Kb7
34. Ke4 Nb8 35. Kd5 Na6 36. Bc3 Kc7 37. e4 Kd7 38. Bd2 Kc7 39. g4 Kd7 40. h4
Kc7 41. h5 Kd7 42. Ke5 1-0

[Event "XXV Grunwald Cup"]
[Site "Ramsowo/Dadaj"]
[Date "2010.09.24"]
[Round "2.5"]
[White "Staruch, Roman"]
[Black "Zoltek, Tadeusz"]
[Result "1/2-1/2"]
[WhiteElo "1978"]
[BlackElo "2194"]
[PlyCount "60"]
[EventDate "2010.??.??"]

1. e4 e6 2. d4 d5 3. e5 c5 4. c3 Qb6 5. Nf3 Nc6 6. Bd3 cxd4 7. cxd4 Bd7 8. O-O
Nxd4 9. Nxd4 Qxd4 10. Nc3 a6 11. Qe2 Ne7 12. Rd1 Nc6 13. Bxa6 Qxe5 14. Bxb7
Qxe2 15. Nxe2 Rb8 16. Bxc6 Bxc6 17. Nd4 Bd7 18. Bf4 Rxb2 19. Rdb1 Rxb1+ 20.
Rxb1 Be7 21. Rb8+ Bd8 22. Bd6 g5 23. Nb3 Bc6 24. Nc5 d4 25. Be5 O-O 26. Bxd4
Bc7 27. Rxf8+ Kxf8 28. Bf6 g4 29. Nd3 Bb5 30. Be5 Bxd3 1/2-1/2

[Event "XXV Grunwald Cup"]
[Site "Ramsowo/Dadaj"]
[Date "2010.09.24"]
[Round "2.6"]
[White "Mackowiak, Marek"]
[Black "Renkowski, Piotr"]
[Result "1/2-1/2"]
[WhiteElo "2174"]
[BlackElo "1957"]
[PlyCount "62"]
[EventDate "2010.??.??"]

1. c4 Nf6 2. d4 d6 3. Nf3 Nc6 4. Nc3 e5 5. dxe5 Nxe5 6. Nxe5 dxe5 7. Qb3 h6 8.
Be3 c6 9. h3 Be7 10. g3 O-O 11. Bg2 Qc7 12. O-O Be6 13. a4 Ne8 14. Ne4 Nd6 15.
Nxd6 Bxd6 16. Qc2 f5 17. c5 Be7 18. f4 e4 19. Bd4 Rad8 20. Qc3 Rd5 21. Be5 Qd8
22. b4 Bf6 23. Bxf6 Qxf6 24. Qxf6 gxf6 25. Rfb1 a6 26. Kf2 Rd2 27. Bf1 Bc4 28.
Re1 Bb3 29. Reb1 Bc4 30. Re1 Bb3 31. Reb1 Bc4 1/2-1/2

[Event "XXV Grunwald Cup"]
[Site "Ramsowo/Dadaj"]
[Date "2010.09.24"]
[Round "2.7"]
[White "Falkowski, Dawid"]
[Black "Mettel, Werner"]
[Result "1-0"]
[WhiteElo "2050"]
[BlackElo "1942"]
[PlyCount "31"]
[EventDate "2010.??.??"]

1. e4 e5 2. Nf3 Nc6 3. d4 exd4 4. Bc4 Nf6 5. O-O d5 6. exd5 Nxd5 7. Nxd4 Nxd4
8. Qxd4 c6 9. Nc3 Be6 10. Nxd5 Bxd5 11. Re1+ Be6 12. Qg4 h5 13. Qf5 Qf6 14.
Bxe6 Qxf5 15. Bxf5+ Kd8 16. Bf4 1-0

[Event "XXV Grunwald Cup"]
[Site "Ramsowo/Dadaj"]
[Date "2010.09.24"]
[Round "2.8"]
[White "Stankiewicz, Edward"]
[Black "Czajkowski, Adam"]
[Result "1-0"]
[WhiteElo "1913"]
[BlackElo "1781"]
[PlyCount "97"]
[EventDate "2010.??.??"]

1. e4 c5 2. Nf3 e6 3. d4 cxd4 4. Nxd4 a6 5. Be3 Qc7 6. Nc3 Nf6 7. f3 Bb4 8. Qd2
d5 9. Bd3 e5 10. Nb3 d4 11. Nxd4 exd4 12. Bxd4 Be6 13. a3 Bxc3 14. bxc3 Nc6 15.
Be3 Rd8 16. O-O O-O 17. Qf2 Rd7 18. Bb6 Qc8 19. f4 Nb8 20. Bd4 Re8 21. Qh4 Rxd4
22. cxd4 Bc4 23. e5 Bxd3 24. exf6 Bg6 25. Qg3 Qf5 26. fxg7 Qxc2 27. Rae1 Rxe1
28. Rxe1 Nc6 29. Qe3 Qa4 30. d5 Nd4 31. g4 Bc2 32. f5 Qa5 33. Qe8+ Kxg7 34. f6+
Kg6 35. Rf1 Nf5 36. gxf5+ Kxf6 37. Qh8+ Ke7 38. Qe5+ Kd7 39. f6 Qc5+ 40. Kg2
Bb3 41. Re1 Bxd5+ 42. Kg3 Qxa3+ 43. Kf4 Qb4+ 44. Kg5 Be6 45. Rd1+ Kc8 46. Rc1+
Kd8 47. Qb8+ Kd7 48. Rc7+ Kd6 49. Rc4+ 1-0

[Event "XXV Grunwald Cup"]
[Site "Ramsowo/Dadaj"]
[Date "2010.09.24"]
[Round "2.9"]
[White "Wegner, Wieslaw"]
[Black "Traczyk, Tadeusz"]
[Result "0-1"]
[WhiteElo "1773"]
[BlackElo "1925"]
[PlyCount "106"]
[EventDate "2010.??.??"]

1. e4 c5 2. Nf3 Nc6 3. d4 cxd4 4. Nxd4 Nf6 5. Nc3 e6 6. Nxc6 bxc6 7. a3 d5 8.
f3 d4 9. e5 Ng8 10. Ne2 Qa5+ 11. Bd2 Qxe5 12. f4 Qd5 13. Bb4 c5 14. Ba5 Nf6 15.
Qd3 c4 16. Qxd4 Qxa5+ 17. Nc3 Bc5 18. Qxc4 Qb6 19. O-O-O O-O 20. Na4 Be3+ 21.
Kb1 Qb7 22. Rd3 Bb6 23. Nc5 Bxc5 24. Qxc5 Qb6 25. Qxb6 axb6 26. Rb3 Rb8 27. Rg1
Ne4 28. Kc1 Rd8 29. Bd3 Nc5 30. Rc3 Bb7 31. b3 Rd4 32. g3 Rc8 33. Kb2 g6 34.
Re1 Rcd8 35. b4 Nxd3+ 36. cxd3 Rxd3 37. Re3 Rxe3 38. Rxe3 Rd2+ 39. Kc3 Rxh2 40.
Kd4 Rd2+ 41. Ke5 Kg7 42. Rc3 Rd5+ 43. Ke4 Rc5+ 44. Kd4 Rxc3 45. Kxc3 Bc6 46.
Kc4 b5+ 47. Kc5 Be8 48. Kd6 Kf6 49. g4 h6 50. Kc7 Ke7 51. Kc8 f6 52. Kc7 e5 53.
fxe5 fxe5 0-1

[Event "XXV Grunwald Cup"]
[Site "Ramsowo/Dadaj"]
[Date "2010.09.24"]
[Round "2.10"]
[White "Poswiatowski, Stanislaw"]
[Black "Hagner, Pawel"]
[Result "1/2-1/2"]
[WhiteElo "1667"]
[BlackElo "1877"]
[PlyCount "44"]
[EventDate "2010.??.??"]

1. d4 Nf6 2. Nf3 g6 3. Bg5 Bg7 4. e3 c5 5. c3 Ne4 6. Bf4 Qb6 7. Qc2 d5 8. Nbd2
O-O 9. Bd3 f5 10. O-O Nd7 11. dxc5 Ndxc5 12. Be2 Nxd2 13. Nxd2 Ne4 14. Rad1 e5
15. Bg3 Nxg3 16. hxg3 Be6 17. b3 Rac8 18. c4 Qc5 19. Qb1 dxc4 20. Bxc4 Bxc4 21.
Nxc4 Rfd8 22. Rxd8+ Rxd8 1/2-1/2

[Event "XXV Grunwald Cup"]
[Site "Ramsowo/Dadaj"]
[Date "2010.09.24"]
[Round "2.11"]
[White "Dziobek, Jerzy"]
[Black "Bzowski, Grzegorz"]
[Result "0-1"]
[WhiteElo "1848"]
[BlackElo "1692"]
[PlyCount "56"]
[EventDate "2010.??.??"]

1. d4 g6 2. e4 Bg7 3. Nf3 d6 4. Bg5 Nd7 5. c3 Ngf6 6. Nbd2 O-O 7. Bc4 e5 8. O-O
Qe7 9. Re1 Nb6 10. Bb3 a5 11. Rc1 Be6 12. d5 Bd7 13. c4 Qe8 14. Be3 Na4 15.
Bxa4 Bxa4 16. b3 Bd7 17. c5 Ng4 18. cxd6 Nxe3 19. Rxe3 cxd6 20. Rec3 b5 21. Ng5
Bf6 22. Rg3 Rc8 23. Rxc8 Qxc8 24. h4 h5 25. Qf3 Bg7 26. Qc3 Qxc3 27. Rxc3 Rc8
28. Rxc8+ Bxc8 0-1

[Event "XXV Grunwald Cup"]
[Site "Ramsowo/Dadaj"]
[Date "2010.09.25"]
[Round "3.1"]
[White "Gunajew, Rafal"]
[Black "Stachanczyk, Jacek"]
[Result "0-1"]
[WhiteElo "2292"]
[BlackElo "2278"]
[PlyCount "82"]
[EventDate "2010.??.??"]

1. e4 c5 2. c3 Nf6 3. e5 Nd5 4. Nf3 Nc6 5. Bc4 Nb6 6. Bb3 c4 7. Bc2 Qc7 8. Qe2
g5 9. Nxg5 Nxe5 10. Nf3 Bg7 11. Nxe5 Bxe5 12. d4 cxd3 13. Bxd3 Nd5 14. Qc2 b6
15. Be4 Bb7 16. Nd2 e6 17. g3 f5 18. Bf3 h5 19. Qd3 O-O-O 20. Nc4 Bf6 21. Be3
Kb8 22. Nd2 Nxe3 23. Qxe3 d5 24. O-O e5 25. Bg2 h4 26. f4 d4 27. cxd4 e4 28.
Nb3 hxg3 29. hxg3 Bd5 30. Rfd1 Rdg8 31. Rac1 Qh7 32. Rc3 Qh2+ 33. Kf2 Rxg3 34.
Qxg3 Bh4 35. Rh1 e3+ 36. Ke2 Qxg3 37. Bxd5 Qf2+ 38. Kd3 e2 39. Rcc1 Re8 40.
Rce1 Qe3+ 41. Kc2 Rc8+ 0-1

[Event "XXV Grunwald Cup"]
[Site "Ramsowo/Dadaj"]
[Date "2010.09.25"]
[Round "3.2"]
[White "Dukaczewski, Piotr"]
[Black "Suder, Ryszard"]
[Result "1-0"]
[WhiteElo "2274"]
[BlackElo "2213"]
[PlyCount "57"]
[EventDate "2010.??.??"]

1. e4 d6 2. d4 Nf6 3. Nc3 g6 4. f3 Bg7 5. Be3 c6 6. Qd2 Qa5 7. Bh6 Bxh6 8. Qxh6
Nbd7 9. O-O-O b5 10. Kb1 b4 11. Nce2 Ba6 12. Nh3 c5 13. e5 dxe5 14. dxe5 Nxe5
15. Nc1 c4 16. Nf4 Ned7 17. g4 g5 18. Nh5 Nxh5 19. gxh5 Nf6 20. Rg1 Rd8 21.
Rxg5 Qb6 22. Re1 Rd5 23. h4 Bb5 24. f4 a5 25. Bh3 Bd7 26. Qg7 Rf8 27. Rxd5 Bxh3
28. Rde5 Be6 29. Qg2 1-0

[Event "XXV Grunwald Cup"]
[Site "Ramsowo/Dadaj"]
[Date "2010.09.25"]
[Round "3.3"]
[White "Zoltek, Tadeusz"]
[Black "Wojcieszyn, Zdzislaw"]
[Result "1/2-1/2"]
[WhiteElo "2194"]
[BlackElo "2010"]
[PlyCount "20"]
[EventDate "2010.??.??"]

1. Nf3 Nf6 2. c4 c5 3. g3 Nc6 4. Bg2 g6 5. O-O Bg7 6. Nc3 O-O 7. Rb1 d6 8. d3
Bg4 9. h3 Bd7 10. Kh2 a5 1/2-1/2

[Event "XXV Grunwald Cup"]
[Site "Ramsowo/Dadaj"]
[Date "2010.09.25"]
[Round "3.4"]
[White "Staruch, Roman"]
[Black "Mackowiak, Marek"]
[Result "0-1"]
[WhiteElo "1978"]
[BlackElo "2174"]
[PlyCount "78"]
[EventDate "2010.??.??"]

1. e4 g6 2. d4 Bg7 3. Nc3 d6 4. f4 c6 5. Nf3 Bg4 6. Be2 e6 7. Be3 Ne7 8. O-O
O-O 9. Qd2 Nd7 10. Rad1 Bxf3 11. Bxf3 Nb6 12. b3 Qc7 13. Qf2 Rad8 14. a4 f5 15.
e5 Ned5 16. Nxd5 cxd5 17. Bc1 Rfe8 18. Ba3 Bf8 19. Rd3 dxe5 20. Bxf8 e4 21. Re3
Rxf8 22. Bd1 Rc8 23. Rh3 Qg7 24. Kh1 Rc7 25. Qd2 Rfc8 26. Re1 Nd7 27. Ree3 Nf6
28. Rc3 b6 29. Rxc7 Qxc7 30. Qf2 Qd6 31. Qh4 Kg7 32. Qh6+ Kf7 33. g4 fxg4 34.
Rg3 Qb4 35. Bxg4 Rxc2 36. f5 exf5 37. Bxf5 Qd2 38. Bxg6+ hxg6 39. Qh7+ Ke6 0-1

[Event "XXV Grunwald Cup"]
[Site "Ramsowo/Dadaj"]
[Date "2010.09.25"]
[Round "3.5"]
[White "Renkowski, Piotr"]
[Black "Falkowski, Dawid"]
[Result "1-0"]
[WhiteElo "1957"]
[BlackElo "2050"]
[PlyCount "57"]
[EventDate "2010.??.??"]

1. e4 e5 2. Nf3 Nc6 3. Bc4 Nf6 4. d3 Bc5 5. Nc3 h6 6. a3 6... d6 {(=)} 7. Na4
Qe7 8. Nxc5 dxc5 9. Be3 Ng4 10. Bd5 Bd7 11. O-O O-O 12. Qe1 Nd4 13. Bxd4 cxd4
14. Bxb7 Rab8 15. Bd5 Nf6 16. Bb3 Nh5 17. Qa5 Bb5 18. Rae1 Nf4 19. g3 Ng6 20.
h4 Qd7 21. h5 Qg4 22. hxg6 Qxf3 23. Qxc7 Ba6 24. gxf7+ Kh8 25. Qxe5 Rxb3 26.
cxb3 Rxf7 27. Qxd4 Bc8 28. Qe3 Qh5 29. f4 1-0

[Event "XXV Grunwald Cup"]
[Site "Ramsowo/Dadaj"]
[Date "2010.09.25"]
[Round "3.6"]
[White "Barnowski, Sylwester"]
[Black "Przewoznik, Emil"]
[Result "1-0"]
[WhiteElo "1842"]
[BlackElo "2101"]
[PlyCount "69"]
[EventDate "2010.??.??"]

1. d4 Nf6 2. c4 e6 3. Nc3 d5 4. Bg5 Nbd7 5. e3 c6 6. Nf3 Qa5 7. Qc2 Bb4 8. Bxf6
Nxf6 9. Nd2 O-O 10. Bd3 dxc4 11. Nxc4 Qg5 12. O-O b5 13. Ne5 Bb7 14. Ne4 Nxe4
15. Bxe4 Rac8 16. Bxh7+ Kh8 17. Be4 Rc7 18. f4 Qf6 19. Rf3 g6 20. Bxg6 fxg6 21.
Nxg6+ Kg8 22. Nxf8 Kxf8 23. Rg3 Rg7 24. Rxg7 Qxg7 25. a3 Bd6 26. Rf1 Qh6 27.
Rf3 Qh4 28. Qf2 Qh7 29. h3 c5 30. Rg3 cxd4 31. exd4 Qb1+ 32. Kh2 Qf5 33. Rg4 e5
34. dxe5 Bxe5 35. Qc5+ 1-0

[Event "XXV Grunwald Cup"]
[Site "Ramsowo/Dadaj"]
[Date "2010.09.25"]
[Round "3.8"]
[White "Ciula, Edward"]
[Black "Salamon, Jan"]
[Result "1-0"]
[WhiteElo "1985"]
[BlackElo "1827"]
[PlyCount "53"]
[EventDate "2010.??.??"]

1. e4 c5 2. Nf3 d6 3. d4 Nf6 4. Nc3 cxd4 5. Nxd4 a6 6. f3 g6 7. Be3 Qb6 8. Qc1
h5 9. Ne6 Qa5 10. Nxf8 Kxf8 11. Bc4 h4 12. Qd2 Nbd7 13. O-O-O Ne5 14. Bb3 h3
15. Qf2 hxg2 16. Rhg1 Qc7 17. Rxg2 Nc4 18. Bg5 Bh3 19. Bxf6 exf6 20. Nd5 Qc6
21. Rgg1 b5 22. Qd4 Ne5 23. f4 Nf3 24. Qxf6 Rh6 25. Ne7 Qe8 26. Nxg6+ Rxg6 27.
Rxg6 1-0

[Event "XXV Grunwald Cup"]
[Site "Ramsowo/Dadaj"]
[Date "2010.09.25"]
[Round "3.9"]
[White "Traczyk, Tadeusz"]
[Black "Bzowski, Grzegorz"]
[Result "1-0"]
[WhiteElo "1925"]
[BlackElo "1692"]
[PlyCount "43"]
[EventDate "2010.??.??"]

1. e4 g6 2. d4 Bg7 3. Nc3 d6 4. f4 Nc6 5. Nf3 Bg4 6. Be3 a6 7. Qd2 Qd7 8. d5
Nb8 9. Nd4 Qd8 10. h3 Bd7 11. g4 c6 12. O-O-O c5 13. Nf3 b5 14. e5 Qb6 15. Re1
b4 16. Ne4 Kd8 17. Nfg5 Nh6 18. e6 Be8 19. exf7 Bxf7 20. Ne6+ Bxe6 21. dxe6 Rf8
22. Nxc5 1-0